LEADER 01351nam0 22003131i 450 001 UON00225571 005 20231205103435.244 010 $a90-420-0370-7 100 $a20030730d1998 |0itac50 ba 101 $aeng 102 $aNL 105 $a||||0 ||||| 200 1 $aˆThe ‰pure language of the heart$esentimentalism in the Netherlands, 1775-1800$fAnnemieke Meijer 210 $aAmsterdam$aAtlanta$cRodopi$d1998 215 $a197 p.$d23 cm 410 1$1001UON00176278$12001 $aText$estudies in comparative literature$1210 $aAmsterdam$aAtlanta$cRodopi$v14 606 $aLETTERATURA COMPARATA$xSec. 18.$3UONC041300$2FI 606 $aSENTIMENTALISMO$xOlanda$xSec. 18.$3UONC048326$2FI 606 $aCRITICA LETTERARIA$x1775-1800$3UONC048327$2FI 620 $aNL$dAmsterdam$3UONL001817 676 $a809.933$cLetteratura con specifiche caratteristiche. Su temi e soggetti specifici$v21 700 1$aMEIJER$bAnnemieke$3UONV136643$0686436 712 $aRodopi$3UONV253894$4650 801 $aIT$bSOL$c20240220$gRICA 899 $aSIBA - SISTEMA BIBLIOTECARIO DI ATENEO$2UONSI 912 $aUON00225571 950 $aSIBA - SISTEMA BIBLIOTECARIO DI ATENEO$dSI Oland V MEI $eSI LO 67589 5 996 $aPure language of the heart$91270463 997 $aUNIOR